Statistics for Words with Missing Body Parts

Click here to take the quiz!

General Stats

  • This quiz has been taken 262 times
  • The average score is 12 of 21

Answer Stats

Body Part % Correct
BoneTrom{bone}
88%
ArmH{arm}ful
87%
EarReh{ear}sal
84%
EyeJourn{eye}d
80%
ToeVe{toe}d
70%
HeelCartw{heel}s
68%
LipEc{lip}se
68%
NoseDiag{nose}s
68%
LegE{leg}ant
59%
PalmNa{palm}
56%
HandMan{hand}le
56%
LimbC{limb}ing
51%
SkinWhi{skin}g
49%
RibHor{rib}le
49%
FaceResur{face}
47%
HeadBe{head}ed
46%
ShinShoe{shin}e
46%
SoleOb{sole}te
45%
LungP{lung}er
45%
GumAr{gum}ent
33%
ChestOr{chest}ra
33%

Score Distribution

Percentile by Number Answered

Percent of People with Each Score

Your Score History

You have not taken this quiz